000 00313nam a2200133Ia 4500
005 20251222144916.0
008 251222s9999||||xx |||||||||||||| ||spa||
020 _a84-86743-62-3
082 _a330.1/T18
100 _aTamames, Ramón
245 0 _aViaje al Centro de la Economía
264 _bCDN
942 _cLIB
999 _c22532
_d22532